00964nam a22002657a 45000010005000000030006000050050017000110080041000280200015000690400029000840500018001130820011001311000019001422450083001612500045002442600037002893000049003264900021003755050008003965200176004045210029005805210020006096500034006296500035006638395FISKH20250910142157.0250910b cb ||||| |||| 00| 0 eng d a0590537393 aFISKHbengcFISKHdFISKH aQL737.M33 P74 a599.27 aPreller, James aKratts' creatures: bIn search of the real Tasmanian Devil /cby James Preller aFirst Scholastic printing , October 1996 aNew York : bScholastic ,c1996. a32 pages : bcolor illustrations ;c20 cm .  aKratts Creatures aR  aMartin and Chris Kratt search for the elusive Tasmanian devil; includes a description of the animal, its habits and behavior, and an overview of other animals in the area.8 a740 bLexile estimate 8 aR bRaz-Plus  aTasmanian devilsvNon-fiction aKratts' CreaturesvNon-fiction